| 000 | 01261nam a22003137a 4500 | ||
|---|---|---|---|
| 003 | OSt | ||
| 005 | 20260317105040.0 | ||
| 007 | a | ||
| 008 | 260317b |||||||| |||| 00| 0 eng d | ||
| 020 | _a9788475067292 | ||
| 040 |
_aFoundation University _beng _cFoundation University _dFULib _erda |
||
| 050 |
_aN 4742 _b.2006 C78 |
||
| 100 |
_aCruzvillegas, Abraham _913114 |
||
| 245 | 0 | 0 |
_aLos dos amigos / _cAbraham Cruzvillegas and Dr. Lakra |
| 250 | _aFirst edition. | ||
| 260 |
_aMexico City : _bA&R Press, _c2006 |
||
| 264 | _42006 | ||
| 300 |
_3resource _a1 volume (unpaged) : _bcolor illustrations ; _c28 cm. _fvolume |
||
| 336 |
_2rdacontent _atext _btxt |
||
| 337 |
_2rdamedia _aunmediated _bn |
||
| 338 |
_2rdacarrier _3resource _avolume _bnc |
||
| 500 | _aThis book was made in conjunction with the exhibition, Los dos amigos, which took place at the MACO (Oaxacan Museum of Contemporary Art) in the city of Oaxaca, Mexico, in May of 2005. | ||
| 546 | _aMexican and English | ||
| 650 |
_2LC _aArt, Modern _y21st century. _915333 |
||
| 650 |
_2LC _aArt _vExhibitions. _915334 |
||
| 658 |
_aFine Arts, Bachelor of : _bArt Theory ; _cFA335, FA336 |
||
| 700 |
_aDr. Lakra _915335 |
||
| 942 |
_2lcc _cBK _eFirst edition. _hN 4742 _i.2006 C78 _k(DAFA-FA) _n0 |
||
| 999 |
_c5683 _d5683 |
||